000 00883njm a2200277Ia 4500
001 20442
003 IT-RoPAU
005 20220918181204.0
008 131025s9999 xx 000 0 und d
040 _aIT-RoPAU
040 _cIT-RoPAU
999 _c103299
_d103299
999 _bn.d.
100 _aCajkovskij Petr Llijch
_91612
100 _eAutore musica
_91613
100 _gCodice autore musica SPICS: 10808
_91614
245 _aTempesta (La)-Fantasia op. 18
250 _a1a ed.
260 _aROMA
260 _bSPICS RECORDS
_c1982 [1a Ed.:1982 - Ed. Lingua Orig.: 1873]
300 _aMUSICASSETTA
500 _aMusica classica
505 _aL'uragano ouverture op 76 (Orchestra Sinfonica di Mosca diretta da V. Dudaroval)
511 _aNational Symphony Orchestra Washington diretta da Doratil Antal
650 _aFANTASIA [CASSETTE]
_eCodice MATERIA SPICS: 9951
_91615
942 _cMC
_2ddc